Ekonomika pestovania obilovín v JRD Skalica za roky 1986-1988 záverečná práca postgraduálneho štúdia

Guardado en:
Detalles Bibliográficos
Autor principal: Vlčej, Ladislav
Autor Corporativo: Vysoká škola ekonomická v Bratislave
Otros Autores: Ďurina, Štefan
Formato: Libro
Lenguaje:eslovaco
Publicado: Bratislava 1989
Etiquetas: Agregar Etiqueta
Sin Etiquetas, Sea el primero en etiquetar este registro!

MARC

LEADER 00000nam a2200000 4500
001 c036921
005 20221215070518.4
041 0 |a slo 
044 |a SK 
245 1 0 |a Ekonomika pestovania obilovín v JRD Skalica za roky 1986-1988  |b záverečná práca postgraduálneho štúdia  |c Ladislav Vlčej ; ved. práce Štefan Ďurina 
264 1 |a Bratislava  |c 1989 
300 |a 60 s. 
100 1 |a Vlčej, Ladislav 
700 1 |a Ďurina, Štefan 
710 2 |a Vysoká škola ekonomická v Bratislave